Pulmonary embolism /

Bibliographic Details
Main Author: Stein, Paul D.
Format: Book
Language:English
Published: Malden, Mass. ; Oxford : Blackwell Futura, 2007.
Edition:Second edition.
Subjects:

MARC

Tag First Indicator Second Indicator Subfields
LEADER 00000cam a22000004a 4500
001 in00004508708
005 20191204153156.0
008 070202s2007 maua b 001 0 eng
010 |a  2007005029 
016 7 |a 101298712  |2 DNLM 
020 |a 9781405138079 
020 |a 1405138076 
029 1 |a NLM  |b 101298712 
035 |a (OCoLC)ocm82472914 
035 |a (OCoLC)82472914 
035 |z (UtOrBLW)45722 
035 |a 65884 
040 |a DNLM/DLC  |c DLC  |d BAKER  |d NLM  |d BTCTA  |d YDXCP  |d BWKUK  |d BWK  |d TMV  |d UtOrBLW 
042 |a pcc 
049 |a TMVM  |c 1 
050 1 0 |a RC776.P85  |b S74 2007 
060 0 0 |a 2007 H-686 
060 1 0 |a WG 420  |b S819p 2007 
082 0 0 |a 616.2/49  |2 22 
100 1 |a Stein, Paul D. 
245 1 0 |a Pulmonary embolism /  |c by Paul D. Stein. 
250 |a Second edition. 
264 1 |a Malden, Mass. ;  |a Oxford :  |b Blackwell Futura,  |c 2007. 
300 |a ix, 476 pages :  |b illustrations ;  |c 26 cm. 
336 |a text  |2 rdacontent  |b txt 
337 |a unmediated  |2 rdamedia 
338 |a volume  |2 rdacarrier  |b nc 
504 |a Includes bibliographical references and index. 
650 0 |a Pulmonary embolism. 
650 2 |a Pulmonary Embolism. 
999 |a MARS 
999 f f |s 7732f462-b412-3944-a575-172f97e57424  |i 90492e13-b74b-3328-a8c7-c83fab229532  |t 0 
952 f f |p ric  |a Texas A&M University  |b Rellis Campus  |c Joint Library Facility  |d Remote Storage  |t 0  |e WG 420 S819p 2007  |h National Library of Medicine classification  |i unmediated -- volume  |m 3238902037082 
998 f f |a WG 420 S819p 2007  |t 0  |l Remote Storage